000 01052nac a22003257a 4500
001 BR7805094
003 BR-BrBNA
005 20240105114256.0
008 230509b bl.|||m| |||| 00| 0 por d
040 _aBR-BrBNA
_bpor
_cBiblioteca Nacional de Agricultura
072 _aE70
090 _a9140 BR7805094
110 1 _aMinisterio das Relacoes Exteriores, Brasilia, DF (Brasil). Depto. de Promocao Comercial;
_97087
110 1 _aInstituto de Planejamento Economico e Social, Brasilia, DF (Brasil)
_96238
245 1 _aFranca. Sucos de frutas [Comercio; Mercado internacional]
260 3 _aBrasilia, DF (Brasil):
_c1978.
300 _a67 p.
490 _aMercados para o Brasil. Estudos Especiais (Brazil)
_vno. 69
_x
500 _a15 tables; Summary (Fr)
650 _aComercializacao
650 _aSuco
650 _aFruta
650 _aMercado internacional
650 _aComercio
650 _aDemanda
650 _aTransporte
650 _aFranca
909 _a202312
_bLúcia Elande
_c55
_dLúcia Elande
942 _2AGRIS
_n0
_cMS
999 _c268405
_d268405